000 00298nam a22001217a 4500
082 _a384.54 ABB'H
100 _aABBOT, WALDO
_979953
245 _aHANDBOOK OF BROADCASTING HOW TO BROADCAST EFFECTIVELY
250 _a2ND
260 _aNEWYORK
_bMCGRAW HILL
_c1941
300 _aXI,422P
942 _cBK
999 _c584932
_d584932